MDQL
is popping MORE tags! Check the
thread
!
Quizzes
Events
Quiz Creation
Community
Videos
Private Events
Remove Ads
Sign In
Join for FREE
Feedback
Dark Mode
Quiz Categories
Sports
Geography
Music
Movies
Television
Just For Fun
Miscellaneous
History
Literature
Language
Science
Gaming
Entertainment
Religion
Holiday
For Kids
Quiz Lab
Recent
Popular Today
Quiz Kudos Today
Editor Picks
Curator Picks
Quizzes by...
Day
Popularity
Type
Ratings
Length
Year
Community
Subscriptions
Recent Discussions
Orange Saloon
Badges
Playlists
Quests
Create
Leaderboards
Showdown
Live 5
Trivia Bingo
Activity
Puzzle Library
Sporcle Events
Private Events
Virtual Trivia
Globe League
Become a Host
Pub Owners
SporcleCon
Opinionation
Our Games
Videos
Blog
Mobile Apps
Partnerships
Remove Ads and Go Orange
Feedback
History
US Presidents
World Leaders
Politics
Nation
Discovery
War
Decade
Year
Century
Biography
Art
History
US Presidents
World Leaders
Politics
Nation
Discovery
War
Decade
Year
Century
Biography
Art
Random Quiz
Search Sporcle
×
Quiz Lab
Quiz Lab
History
Famous
Type in answers that appear in a list
Type in answers that appear in a list
Classic
Best Score? Go Orange.
Famous Assassinations Stats
Can you name the Famous Assassinations?
By
DogBeenShot911
8m
16 Questions
439 Plays
439 Plays
439 Plays
Comments
Comments
Give Quiz Kudos
Give Quiz Kudos
-
- Ratings
hide this ad
Replay
Link that replays current quiz
Next Quiz
Link to next quiz in quiz playlist
You Got
0%
They Got
Avg Score
68%
Avg Friend Score
Upgrade to see
Score Distribution
Jump to the score distribution portion of the page
Score
0/16
Timer
08:00
0
Plays Today
Hints
Answers
% Correct
US President from 1961-
1963
John F. Kennedy
94.3%
Guy who freed the slaves in America
Abraham Lincoln
90.7%
Beatle
John Lennon
89.5%
Roman Dictator
Julius Caesar
86.1%
Led a March on Washington in 1963
Martin Luther King
85.2%
Austrian Archduke
Franz Ferdinand
83.1%
US President from 1897-
1901
William McKinley
80.2%
Civil Rights Leader who was a member of the Nation of Islam
Malcolm X
74.3%
Hints
Answers
% Correct
US President in 1881
James Garfield
71.3%
Leader of Indian Independence Movement
Mohandas Gandhi
70.2%
Russian monk
Rasputin
67%
Russian czar deposed during the Russian Revolution
Nicholas II
56.7%
Egyptian President from 1970-
1981
Anwar Sadat
54.4%
Roman Emperor from 37-
41 AD, Murdered by the Praetorian Guard for his eccentric behavior, name means 'little boots'
Caligula
42.8%
Reforming Russian czar
Alexander II
31.4%
Ottoman Sultan who attempted to reform the Janissary Corps
Selim III
5.5%
Quiz Playlist
Details
Report
Send in Message
Add To Playlist
Classic:
Type in answers that appear in a list
Last Updated: Feb 16, 2017
Quiz Scoreboard
CHALLENGE
Sign Up to Join the Scoreboard
Show All
Scores
Hide
Comments
May contain spoilers
Recently Published
Holiday 10x10 Sorting Gallery
by lukepisani3
Holiday
15m
Two Season TV Shows II
by 123Four
Television
10m
Image Sorting: Flags VI
by Barbecue
Geography
2m
More to Explore
Quiz From the Vault
Featured Blog Post
14 Easter Pick-up Lines to Find Eggs With
hide this ad
You Might Also Like...
Tags
Famous Quiz
assassination
Today's Top Quizzes in History
Browse History
hide this ad
Today's Top Quizzes in Famous
Browse Famous
Top Contributed Quizzes in History
1
I Am Born On March 29th
2
Order Up: 1000 Years of World Events I
3
US National Parks Named After People
4
Popular People in 1991
5
Popular People in 1951
6
Popular People in 1981
7
Popular People in 1941
8
Popular People in 1986
9
Popular People in 1976
10
Popular People in 1921
Explore More
Trending Topics
Marvel
Anime
Crossword
Harry Potter
Kpop
NBA
Disney
Pokémon
Soccer
WWE
The Office
Puzzle
NFL
Song
Country
hide this ad
More By:
DogBeenShot911
Quiz
Plays
Rating
Category
Featured
Created
Wars by Causes
1,651
2.16
History
Feb 13, 2010
History's Famous Generals
1,599
2.50
History
Feb 12, 2010
Wars by Ending
764
1.77
History
Feb 14, 2010
Famous Generals II
601
3.33
History
Feb 13, 2010
Famous Assassinations
439
2.89
History
Feb 12, 2010
Go to Creator's Profile
Score Distribution
Quiz Creator Spotlight
DogBeenShot911
Follow
Send a Message
Quizzes Created
-
Created Quiz Play Count
-
More By This Creator
Popular Quizzes Today
1
Find the US States - No Outlines Minefield
2
Colored Red Africa Blitz
3
Find the 'City' Movie
4
The Countries of the World
5
5x2 Blitz: Bands
6
Find the US States
7
Find the Countries of Europe - No Outlines Minefield
8
US States
More History Quizzes
Tatra Cars Over Time
Quiz Lab
Trending Quizzes
Colored Red Europe Blitz I
Colored Red Europe Blitz II
Colored Red Africa Blitz II
Colored Red Europe Blitz III
Colored Red Africa Blitz III
Recently Updated
Odd Team Out - Big 4 Players
pecheneg
Quick Pick: 20 Twenties
pecheneg
March Madness Men's Triple Doubles
pecheneg
How Do You Spell That?
pecheneg
Godzilla Movies
pecheneg
Grab Bag: 4-10 Letters
pecheneg
2024 March Madness Bracket
pecheneg
Famous TV Couples
Peacemaker
Champions League XIs: Real Madrid
pecheneg
Largest US Cities 1790-2010
pecheneg
Trending Topics
Crossword
Marvel
Disney
NBA
Kpop
Anime
Harry Potter
WWE
NFL
Song
Puzzle
Country
Pokémon
The Office
Soccer
Your Account Isn't Verified!
In order to create a playlist on Sporcle, you need to verify the email address you used during registration. Go to your
Sporcle Settings
to finish the process.
Report this User
Report this user for behavior that violates our
Community Guidelines
.
Details:
Send Report
Go to the Sporcle.com Mobile Site →
Comments